000 00616nam a2200205Ia 4500
001 14925
003 GE_BSU
008 181216s||||||||xx |||||||||||||| ||und||
040 _cGE_BSU
080 _a530.1
100 _aбом, Девид
245 _aСпециальная теория относительности
245 _cПер. с англ. Н.В. Мицкевича. Под ред.А.З.Петрова
260 _aМосква
260 _bМир
260 _c1967
300 _a288стр.20см.
653 _aСпециальная теория относительности
942 _cBK
999 _c48045
_d48045